000 00509nam a2200169 i 4500
001 95602
003 ES-MaACL
005 20230906181735.0
007 t|
008 050601s1965 sp ||||1| spa d
100 1 _aLlorens, Peregrin-Luis.
_972882
245 1 3 _aLa torre catredalícia de Segorbe /
_cpor Peregrin L. Llorena y Raga.
260 _aSegorbe :
_bInstituto Laboral,
_c1965.
300 _a36 p. ;
_c21 cm.
710 0 0 _aInstituto Laboral de Segorbe.
_95116
852 _aES-MaACL
_j2048-F-9
_bR.60472
999 _c95602
_d95602